Personnages de Mario Kart - Statistiques

Statistiques générales
  • Ce quiz a été pris 236 fois
  • Le résultat moyen est 26 sur 48
Statistiques - réponses
Première apparition Personnage % Correct
Super Mario Kart Mario
100%
Super Mario Kart Luigi
99%
Super Mario Kart Peach
98%
Super Mario Kart Bowser
92%
Mario Kart 64 Wario
90%
Mario Kart 64 Donkey Kong
89%
Super Mario Kart Donkey Kong Jr.
89%
Mario Kart : Double Dash !! Daisy
88%
Mario Kart : Double Dash !! Waluigi
88%
Super Mario Kart Yoshi
88%
Super Mario Kart Toad
85%
Mario Kart : Double Dash !! Bébé Mario
74%
Super Mario Kart Koopa
74%
Mario Kart : Double Dash !! Roi Boo
74%
Mario Kart : Double Dash !! Bébé Luigi
73%
Mario Kart : Double Dash !! Bowser Jr.
73%
Mario Kart Wii Harmonie
67%
Mario Kart Wii Bébé Peach
64%
Mario Kart : Double Dash !! Diddy Kong
60%
Mario Kart Wii Bébé Daisy
58%
Mario Kart : Double Dash !! Toadette
58%
Mario Kart 8 (DLC) Link
57%
Mario Kart DS Skelerex
56%
Mario Kart : Double Dash !! Birdo
51%
Mario Kart DS Maskass
47%
Mario Kart Wii Mii
44%
Mario Kart Wii Funky Kong
43%
Mario Kart 7 Mario de métal
43%
Mario Kart Wii Bowser Skelet
38%
Mario Kart DS R.O.B.
38%
Mario Kart 8 (DLC) Villageois(e)
37%
Mario Kart 8 Bébé Harmonie
36%
Mario Kart 8 Morton
35%
Mario Kart 8 Wendy
34%
Mario Kart 8 Larry
33%
Mario Kart : Double Dash !! Flora Piranha
32%
Mario Kart 8 Ludwig
31%
Mario Kart 7 Reine des abeilles
31%
Mario Kart 8 Roy
31%
Mario Kart 7 Wiggler
31%
Mario Kart 7 Lakitu
30%
Mario Kart : Double Dash !! Paratroopa
30%
Mario Kart 8 Peach d'or rose
30%
Mario Kart 8 Iggy
28%
Mario Kart 8 Lemmy
28%
Mario Kart 8 (DLC) Marie
27%
Mario Kart 8 (DLC) Mario tanuki
23%
Mario Kart 8 (DLC) Peach chat
23%
Aucun quiz correspondant
Distribution des résultats
% des personnes avec chaque résultat
Percentile par nombre de réponses
Votre historique - résultats
Vous n’avez pas pris ce quiz